Catálogo

Vista normal Vista MARC

Entrada Personal Name

Número de registros utilizados en: 1

001 - CONTROL NUMBER

  • control field: 13371

003 - CONTROL NUMBER IDENTIFIER

  • control field: DLC

005 - DATE AND TIME OF LATEST TRANSACTION

  • control field: 20221005135357.0

008 - FIXED-LENGTH DATA ELEMENTS

  • fixed length control field: 950530n| azannaabn |b aaa

010 ## - LIBRARY OF CONGRESS CONTROL NUMBER

  • LC control number: n 95052956

035 ## - SYSTEM CONTROL NUMBER

  • System control number: (OCoLC)oca03846810

040 ## - CATALOGING SOURCE

  • Original cataloging agency: DLC
  • Language of cataloging: spa
  • Description conventions: rda
  • Transcribing agency: Mx-PuUPA
  • Modifying agency: DLC
  • Modifying agency: OCoLC
  • Modifying agency: DLC
  • Modifying agency: OCoLC
  • Modifying agency: UPB
  • Modifying agency: DLC
  • Modifying agency: UPB
  • Modifying agency: DLC
  • Modifying agency: ScU
  • Modifying agency: GVaS
  • Modifying agency: Mx-PuUPA

046 ## - SPECIAL CODED DATES

  • Birth date: 19600805
  • Source of date scheme: edtf

053 #0 - LC CLASSIFICATION NUMBER

  • Classification number element--single number or beginning number of span: PS3552.A446

100 1# - HEADING--PERSONAL NAME

  • Personal name: Baldacci, David,
  • Dates associated with a name: 1960-

370 ## - ASSOCIATED PLACE

  • Place of birth: Richmond (Virginia)
  • Associated country: Estados Unidos
  • Place of residence/headquarters: Viena (Virginia)
  • Place of residence/headquarters: Fairfax (Virginia)
  • Source of term: naf

372 ## - FIELD OF ACTIVITY

  • Field of activity: Ficción - Autoría
  • Field of activity: Novelas
  • Field of activity: Derecho
  • Field of activity: Derecho de sociedades
  • Field of activity: Ciencias políticas
  • Source of term: lcsh

373 ## - ASSOCIATED GROUP

  • Associated group: Universidad de Virginia
  • Source of term: naf

373 ## - ASSOCIATED GROUP

  • Associated group: Universidad de la Commonwealth de Virginia
  • Source of term: naf

374 ## - OCCUPATION

  • Occupation: Autor
  • Occupation: Novelista
  • Occupation: Abogado
  • Occupation: Abogado corporativo
  • Source of term: lcsh

375 ## - GENDER

  • Gender: hombre
  • Source of term: lcdgt

377 ## - ASSOCIATED LANGUAGE

  • Language code: eng

400 1# - SEE FROM TRACING--PERSONAL NAME

  • Personal name: Baldacci, David,
  • Dates associated with a name: 1960-

400 1# - SEE FROM TRACING--PERSONAL NAME

  • Personal name: Ford, David B.
  • Fuller form of name: (David Baldacci)

400 1# - SEE FROM TRACING--PERSONAL NAME

  • Personal name: Бальдаччи, Давид

400 1# - SEE FROM TRACING--PERSONAL NAME

  • Personal name: Бальдаччи, Дэвид

400 1# - SEE FROM TRACING--PERSONAL NAME

  • Personal name: באלדאצ׳י, דיוויד

400 1# - SEE FROM TRACING--PERSONAL NAME

  • Personal name: באלדאצ׳י, דיויד

670 ## - SOURCE DATA FOUND

  • Source citation: Absolute power, c1996:
  • Information found: CIP t.p. (David G. Baldacci) CIP galley (lives in Fairfax, VA; corp. lawyer with a Washington firm) bk. t.p. (David Baldacci)

670 ## - SOURCE DATA FOUND

  • Source citation: LC webcast, Oct. 17, 2006
  • Information found: (David Baldacci relates his use of the pseudonyms David Ford; David B. Ford; and David Baldacci Ford on his books published in Italy)

670 ## - SOURCE DATA FOUND

  • Source citation: davidbaldacci.com, Aug. 29, 2011
  • Information found: (b. 1960 in Virginia; B.A., Political Science, Virginia Commonwealth University; Law degree, University of Virginia; practiced law for 9 years)

670 ## - SOURCE DATA FOUND

  • Source citation: Wikipedia, WWW, Aug. 29, 2011
  • Information found: (b. Aug. 5, 1960 in Richmond, Virginia; American novelist; ambassador for National Multiple Sclerosis Society; founded the Wish You Well Foundation; lives in Vienna, Virginia)